| 000 | 01584cam a2200397 i 4500 | ||
|---|---|---|---|
| 001 | 19379449 | ||
| 003 | NUST | ||
| 005 | 20210329151703.0 | ||
| 008 | 161118s2017 nyu b 001 0 eng | ||
| 010 | _a 2016040752 | ||
| 020 | _a9781610396585 (hardcover) | ||
| 038 | _awaseem | ||
| 040 |
_aDLC _beng _cDLC _erda _dDLC |
||
| 042 | _apcc | ||
| 043 | _aa-cc--- | ||
| 050 | 0 | 0 |
_aHD2910 _b.U84 2017 |
| 082 | 0 | 0 |
_a338.092251 _bUSE |
| 100 | 1 |
_aUseem, Michael, _eauthor. _952022 |
|
| 245 | 1 | 0 |
_aFortune makers : _bthe leaders creating China's great global companies / _cMichael Useem, Harbir Singh, Neng Liang, and Peter Cappelli. |
| 250 | _aFirst Edition. | ||
| 264 | 1 |
_aNew York : _bPublicAffairs, _c[2017] |
|
| 300 |
_ax, 274 pages ; _c24 cm |
||
| 336 |
_atext _btxt _2rdacontent |
||
| 337 |
_aunmediated _bn _2rdamedia |
||
| 338 |
_avolume _bnc _2rdacarrier |
||
| 504 | _aIncludes bibliographical references and index. | ||
| 563 | _aHardcover. | ||
| 650 | 0 |
_aInternational business enterprises _zChina _vCase studies. _952023 |
|
| 650 | 0 |
_aCorporations _zChina _vCase studies. _952024 |
|
| 650 | 0 |
_aLeadership _zChina _vCase studies. _952025 |
|
| 650 | 0 |
_aBusinesspeople _zChina _vCase studies. _952026 |
|
| 776 | 0 | 8 |
_iOnline version: _aUseem, Michael, author. _tFortune makers _bFirst Edition. _dNew York : PublicAffairs, [2017] _z9781610396592 _w(DLC) 2016053935 |
| 906 |
_a7 _bcbc _corignew _d1 _eecip _f20 _gy-gencatlg |
||
| 942 |
_2ddc _cBK |
||
| 999 |
_c554492 _d554492 |
||